Matematika I /

Hlavní autor: Bálint, Vojtech, 1946-
Další autoři: Grešák, Pavol, Novotný, Pavel, matematik
Jazyk: Slovenština
Vydáno: Žilina : Vysoká škola dopravy a spojov, 1995
Vydání: Vyd. 1.
Témata:
Fyzický popis: 179 s. ; 29 cm
Knihy
Uloženo v:
LEADER 00900nam a2200265 a 4500
001 000033540
003 CZ BrMZK
005 20060529140829.0
008 950313s1995 xo f slo d
020 |a 80-7100-271-2 
040 |a BOA001  |b cze 
080 |a 51(075.8)  |2 MRF 
100 1 |a Bálint, Vojtech,  |d 1946-  |7 mzk2003180399  |4 aut 
245 1 0 |a Matematika I /  |c Vojtech Bálit, Pavol Grešňák, Pavel Novotný 
250 |a Vyd. 1. 
260 |a Žilina :  |b Vysoká škola dopravy a spojov,  |c 1995 
300 |a 179 s. ;  |c 29 cm 
500 |a Určeno pro stud. 1. roč. FPEDaS VŠDS v Žilině. - Bibliogr. 
653 0 |a matematika 
700 1 |a Grešák, Pavol  |7 xx0018750  |4 aut 
700 1 |a Novotný, Pavel,  |c matematik  |4 aut 
910 |a BOA001  |b TK-A-0257.474 
962 |a 51 
990 |a BK 
996 7 |b 2620001622  |c TK-A-0257.474  |l MZK  |r Sklad / do 24 hodin  |n 0  |p kup  |w 000033540  |u 000010  |a 1  |e BOA001  |j MZK50  |s A